01492nam a2200241 i 4500001000700000003000900007005001700016007000300033008004100036020001800077040001300095100002800108245015400136250003500290260005100325300002700376490002600403520061000429650001601039700002601055830002601081852014301107193541ES-MaACL20250708202627.0ta240105s2023 sp ||||| |||| 00| 0 spa d a9788412635751 cES-MaACL aArnás, Federico eaut11a¡Qué sabrás tú -- de toros! :b365 preguntas que todo aficionado se ha hecho alguna vez /cFernando Arnás ; ilustraciones de Vicente Arnás a1ª edición: septiembre 2023 a[Córdoba] :bEl Paseíllo Editorial,c2023. a272 páginas ;c21 cm1 aToros en la historia  aSi quieres saber cuánto sabes de toros, si quieres saber más o quieres empezar a saber de toros... Un magnífico libro juego del prestigioso periodista Federico Arnás. 365 preguntas que todo aficionado se ha hecho alguna vez, con tres opciones y la respuesta comentada en preciosos artículos llenos de datos, sabor, anécdota e historia... Por el conocido periodista de RTVE, Federico Arnás, cara muy conocida de programas y retransmisiones taurinas y actualmente en Telemadrid y en RNE. Un divertido trivial taurino, pero lleno de datos de la erudita y completa biblioteca personal del autor. 4aTauromaquia aArnás, Vicenteeill aToros en la historia  aES-MaACLbR.154875cDEPOJjN-9724hDonación: Federico ArnásgDedicatoria autógrafa del autorxEncuadernación rústica con solapas